Interests and the growth of knowledge /

Bibliographic Details
Main Author: Barnes, Barry, 1943-
Format: Book
Language:English
Published: London ; Boston : Routledge and K. Paul, 1977.
Series:Routledge direct editions
Subjects:

MARC

Tag First Indicator Second Indicator Subfields
LEADER 00000cam a2200000 i 4500
001 in00000060472
005 20151007082629.0
008 780419s1977 enk b 00110 eng
010 |a  78300817  
015 |a GB77-16737 
020 |a 0710086695 :  |c 2.95 
035 |a (OCoLC)03661662 
035 |9 AAF8173AM 
040 |a DLC  |c DLC  |d TXA  |d UtOrBLW 
049 |a TXAM  |c [980986] 
050 0 0 |a BD175  |b .B35 
082 0 |a 301.2/1 
100 1 |a Barnes, Barry,  |d 1943- 
245 1 0 |a Interests and the growth of knowledge /  |c Barry Barnes. 
264 1 |a London ;  |a Boston :  |b Routledge and K. Paul,  |c 1977. 
300 |a x, 109 pages ;  |c 24 cm. 
336 |a text  |b txt  |2 rdacontent 
337 |a unmediated  |b n  |2 rdamedia 
338 |a volume  |b nc  |2 rdacarrier 
490 0 |a Routledge direct editions 
500 |a Includes index. 
504 |a Bibliography: pages 104-106. 
650 0 |a Knowledge, Sociology of. 
999 |a MARS 
999 f f |s c33dcf07-af05-34cb-922d-ffe9da61bf2f  |i 548e99c7-e859-35b2-9cbd-cd8a82181874  |t 0 
952 f f |p ric  |a Texas A&M University  |b Rellis Campus  |c Joint Library Facility  |d Remote Storage  |t 0  |e BD175 .B35  |h Library of Congress classification  |i unmediated -- volume  |m A14801646115 
998 f f |a BD175 .B35  |t 0  |l Remote Storage